000 00575nam a2200193Ia 4500
005 20250508164840.0
008 008 250505s9999 xx 000 0 eng d
037 _aDissertations
040 _aFEDL
_beng
_cFEDL
041 _aeng
_2eng
084 _a530.07, AGG/DI
_qFEDL
100 _aAggarwal Garima
245 0 _aDynamic science assessment: A Vygotskian approach to assess physics classrooms
260 _c2008
300 _a81p.
546 _aM. Ed. Dissertation (Delhi University)
942 _cDIS
_h530.07, AGG/DI
999 _c1391571
_d1391571